00286nam a2200121Ia 4500008004100000020001500041041000800056082001200064100001500076245002500091260004000116300000800156230724s2003 xx und d a1840006382 aeng a721.823 aBAILLIEU A aCONTEMPORARY WINDOWS bOCTOPUS PUBLISHING GROUP LTD.c2003 a176